| 000 | 01893nam0a2200397 4500 | ||
|---|---|---|---|
| 001 | RU\NLR\bibl\1135181 | ||
| 005 | 20260405203539.0 | ||
| 010 |
_a978-5-9776-0025-5 _bВ пер. _93000 |
||
| 021 |
_aRU _b2007-56340 _92996 |
||
| 035 | _a(nilc)RSL-KNO-003180305 | ||
| 035 | _a(NLR Aleph) 001122067 | ||
| 090 |
_a1304409 _c1304409 |
||
| 100 | _a20070829d2007 |||y0rusy50 ca | ||
| 101 | 0 | _arus | |
| 102 | _aRU | ||
| 105 | _aa zzzz||||| | ||
| 200 | 1 |
_aРынок ценных бумаг _eучебное пособие _e[для студентов, обучающихся по специальности "Финансы и кредит"] _fВ. Н. Едронова, Т. Н. Новожилова |
|
| 210 |
_aМосква _cМагистр _d2007 |
||
| 215 |
_a683, [1] с. _cил., табл. _d24 |
||
| 606 | 1 |
_aЦенные бумаги _jУчебные издания для высших учебных заведений _xРынки _yРоссийская Федерация _92121921 _3RU\NLR\auth\661281220 |
|
| 610 | 0 | _aЭкономика -- Российская Федерация -- Финансы -- Финансовые рынки -- Ценные бумаги -- Учебник для высшей школы | |
| 610 | 0 | _aоблигации | |
| 610 | 0 | _aвексели | |
| 610 | 0 | _aдолговые бумаги | |
| 610 | 0 | _aсертификаты банков | |
| 686 |
_aУ9(2)262.292я73-1 _2rubbk |
||
| 686 | _aУ26(2)229.5я73 | ||
| 700 | 1 |
_aЕдронова _bВ. Н. _gВалентина Николаевна _4070 |
|
| 701 | 1 |
_4070 _8rus _7ca _aНовожилова _bТ. Н. _cканд. экон. наук _gТатьяна Николаевна _3RU\NLR\auth\7790948 _973875 |
|
| 801 | 0 |
_aRU _bРКП _c20070829 _grcr |
|
| 801 | 1 |
_aRU _bРГБ _c20070829 |
|
| 801 | 2 |
_aRU _bNLR _c20071003 _grcr |
|
| 830 | _aавт. по кн. | ||
| 942 | _cBOOK | ||
| 980 | _aNB | ||